[Event "LTU-ch Amateurs"]
[Site "Kaunas"]
[Date "2020.08.29"]
[Round "5"]
[White "Linkevicius, Vilius"]
[Black "Spevak, Dovydas"]
[Result "1-0"]
[WhiteElo "1044"]
[BlackElo "1153"]
[PlyCount "51"]
[EventDate "2020.08.27"]
[EventType "swiss"]
[EventRounds "7"]
[EventCountry "LTU"]
[SourceTitle "EXT 2022"]
[Source "ChessBase"]
[SourceDate "2021.10.06"]
[SourceVersion "1"]
[SourceVersionDate "2021.10.06"]
[SourceQuality "1"]

1. d4 d5 2. Nf3 e6 3. Bf4 Bd6 4. Bg3 Bxg3 5. hxg3 f5 6. e3 Nf6 7. Nbd2 Nbd7 8. c4 c6 9. Bd3 Ne4 10. Nh4 0-0 11. c5 Rf6 12. Qe2 Qa5 13. Bxe4 fxe4 14. Qh5 h6 15. Ng6 Kh7 16. Nf4 b6 17. cxb6 Qxb6 18. Nb3 Qb4+ 19. Kd1 Ba6 20. g4 g5 21. Qxg5 Rg8 22. Qh5 Qf8 23. g5 Rf5 24. Nxe6 Qf6 25. Qxh6+ Qxh6 26. Rxh6# 1-0